Comercio exterior en Colombia /

Bibliographic Details
Main Authors: Muñoz Murillo, William (Author), Burbano Vallejo, Edy Lorena (Author)
Format: Electronic eBook
Language:Spanish
Published: Santiago de Cali : Pontificia Universidad Javeriana Cali, 2022.
Subjects:
Online Access:Digitalia Hispánica

MARC

LEADER 00000nam a2200000Ii 4500
001 DIGEPUJ0466
003 NyNyDIG
006 m o d
007 cr |||||||||||
008 250103s2022 ck a ob 000 0 spa d
035 |a (OCoLC)1484505905 
040 |a DGITA  |b eng  |e rda  |e pn  |c DGITA 
020 |a 9786287618077  |q eBook 
020 |z 9786287618060 
043 |a s-ck--- 
050 1 4 |a KHH4555 ebook 
082 0 4 |a 382.09861  |2 23 
100 1 |a Muñoz Murillo, William,  |e author. 
245 1 0 |a Comercio exterior en Colombia /  |c William Muñoz Murillo, Edy Lorena Burbano Vallejo. 
264 1 |a Santiago de Cali :  |b Pontificia Universidad Javeriana Cali,  |c 2022. 
300 |a 1 online resource :  |b illustrations. 
336 |a text  |b txt  |2 rdacontent 
337 |a computer  |b c  |2 rdamedia 
338 |a online resource  |b cr  |2 rdacarrier 
347 |a text file  |2 rdaft 
347 |b EPUB 
504 |a Includes bibliographical references. 
588 0 |a Online resource; title from ePub title page (Digitalia, viewed January 3, 2025) 
651 0 |a Colombia  |x Commerce. 
650 0 |a Foreign trade regulation  |z Colombia. 
700 1 |a Burbano Vallejo, Edy Lorena,  |e author. 
791 2 |a Digitalia (Firm),  |e distributor. 
793 0 |g Digitalia eBook Collection:  |a Pontificia Universidad Javeriana 
776 0 8 |i Print version:  |a Muñoz Murillo, William.  |t Comercio exterior en Colombia.  |d Santiago de Cali : Pontificia Universidad Javeriana Cali, 2022  |z 9786287618060 
856 4 0 |3 Digitalia Hispánica  |u https://www.digitaliapublishing.com/a/169975/ 
910 |a Premium collection: 2025